| 000 | 00775cam a2200253Ia 4500 | ||
|---|---|---|---|
| 001 | 156818032 | ||
| 003 | OCoLC | ||
| 005 | 20150408114102.0 | ||
| 008 | 070623s2008 enka 001 0 eng d | ||
| 020 | _a9780852976562 | ||
| 020 | _a0852976569 | ||
| 040 |
_aBTCTA _cBTCTA _dBAKER _dYDXCP _dUAT _dIXA |
||
| 050 | 4 |
_aHD30.22 _b.S675 2008 |
|
| 050 | 4 |
_aHD30.22 _b.S675 2008 |
|
| 082 |
_222 _a658.15 |
||
| 100 | 1 |
_aShim, Jae K. _917860 |
|
| 245 | 1 | 0 |
_aEconomic analysis for business and strategic decisions / _cJae K. Shim. |
| 260 |
_aLondon : _bGlobal Professional Publishing, _cc2008. |
||
| 300 |
_avii, 196 p. : _bill. ; _c24 cm. |
||
| 504 | _aIncludes index. | ||
| 650 | 0 |
_aManagerial economics. _917821 |
|
| 650 | 0 |
_aBusiness _xDecision making. _917861 |
|
| 942 |
_2ddc _cBOOK |
||
| 999 |
_c26234 _d260734 |
||